000 00630nam a2200217Ia 4500
005 20250508165010.0
008 008 250505s9999 xx 000 0 eng d
020 _a978-0-415-44885-7
037 _aTextBook
040 _aFEDL
_beng
_cFEDL
041 _aeng
_2eng
084 _a428.007 1, MUL/R
_qFEDL
100 _aMullany Louise
245 0 _aIntroducing english language : A resource book for students
260 _aLondon, UK
_bRoutledge
_c2010
300 _axiii,303p.
365 _aGBP
_b19.99
700 _a Stockwell Peter
_9779669
942 _cTB
_h428.007 1, MUL/R
999 _c1392565
_d1392565